<?xml version="1.0" encoding="UTF-8"?>
<record
    xmlns:xsi="http://www.w3.org/2001/XMLSchema-instance"
    xsi:schemaLocation="http://www.loc.gov/MARC21/slim http://www.loc.gov/standards/marcxml/schema/MARC21slim.xsd"
    xmlns="http://www.loc.gov/MARC21/slim">

  <leader>01481    a2200157   4500</leader>
  <controlfield tag="003">OSt</controlfield>
  <controlfield tag="005">20251212122433.0</controlfield>
  <controlfield tag="008">251212b        |||||||| |||| 00| 0 eng d</controlfield>
  <datafield tag="020" ind1=" " ind2=" ">
    <subfield code="a">9789386867148</subfield>
  </datafield>
  <datafield tag="100" ind1=" " ind2=" ">
    <subfield code="a">Hallegua M</subfield>
    <subfield code="9">215783</subfield>
  </datafield>
  <datafield tag="245" ind1=" " ind2=" ">
    <subfield code="a">100 Desi Stories Great Indian Leader</subfield>
    <subfield code="b">Inspiring stories from the lives of legendary Leaders</subfield>
  </datafield>
  <datafield tag="260" ind1=" " ind2=" ">
    <subfield code="b">Jaico Publishing House</subfield>
    <subfield code="c">2018</subfield>
    <subfield code="a">Mumbai</subfield>
  </datafield>
  <datafield tag="300" ind1=" " ind2=" ">
    <subfield code="a">242pp.</subfield>
  </datafield>
  <datafield tag="520" ind1=" " ind2=" ">
    <subfield code="a">India is home to many legendary figures who have paved the way for change through their indomitable spirit.

100 Desi Stories: Great Indian Leaders is a testament to the talents, inspiration, and resilience of a hundred trailblazers. These crusaders may be royals, warriors, rebels and reformists, spiritual mentors, artists, activists, or sports persons who have proved their mettle under the most trying circumstances.

Emperor Akbar stabilized the Mughal economy; Chandragupta founded the Mauryan dynasty; Mahatma Gandhi led the Indian independence movement; Prime Minister Narendra Modi has garnered attention for his innovative strategies; and Priyanka Chopra has turned into a global icon&#x2014;the stories of these leaders from the ancient and contemporary times will inspire you to achieve your goals.

Each story ends with pertinent questions making the reader introspect. It reminds them to persist through hardships to realize their dreams. Dive into the world of these changemakers and enhance your problem-solving skills!</subfield>
  </datafield>
  <datafield tag="942" ind1=" " ind2=" ">
    <subfield code="c">BK</subfield>
    <subfield code="2">ddc</subfield>
  </datafield>
  <datafield tag="999" ind1=" " ind2=" ">
    <subfield code="c">369346</subfield>
    <subfield code="d">369346</subfield>
  </datafield>
  <datafield tag="952" ind1=" " ind2=" ">
    <subfield code="0">0</subfield>
    <subfield code="1">0</subfield>
    <subfield code="2">ddc</subfield>
    <subfield code="4">0</subfield>
    <subfield code="7">0</subfield>
    <subfield code="8">BCA Pune</subfield>
    <subfield code="a">001</subfield>
    <subfield code="b">001</subfield>
    <subfield code="d">2025-12-10</subfield>
    <subfield code="e">8</subfield>
    <subfield code="g">299.25</subfield>
    <subfield code="l">0</subfield>
    <subfield code="p">KBJP-BK-2914</subfield>
    <subfield code="r">2025-12-10 00:00:00</subfield>
    <subfield code="v">399.00</subfield>
    <subfield code="w">2025-12-10</subfield>
    <subfield code="y">BK</subfield>
    <subfield code="z">2914</subfield>
  </datafield>
</record>
